Statistiques concernant Noël par lettre - U

Cliquez ici pour prendre le quiz!

Statistiques générales

  • Ce quiz a été pris 152 fois
  • Le résultat moyen est 6 sur 10

Statistiques - réponses

IndiceRéponse% Correct
Nombre d'âne dans la crècheUn
100%
We eat pudding for Christmas in this countryUnited Kingdom
92%
Pays sudaméricain dans lequel on consomme de
l'asado lors du repas de Noël
Uruguay
86%
Pays européen dans lequel le Père Noël apporte
des cadeaux pour le Nouvel An et non le 25
Ukraine
83%
La dissolution de cet état européen a été décidée
le 25 décembre 1991
URSS
74%
Organisation international reconnaissant plusieurs
traditions noëlesques dans son patrimoine immatériel
UNESCO
64%
Société de production étatsunienne détentrice
d'Illumination, à l'origine du film d'animation Le Grinch
Universal
42%
Son produit par plusieurs sons ou instruments à la
même fréquence, dans un chant de Noël par exemple
Unisson
39%
Famille à laquelle appartient l'ours, animal au
centre de la bande dessinée Noël sur le Mont Ours
Ursidé
34%
Région Pokémon dans laquelle se
trouve la ville enneigée de Flocombe
Unys
16%

Distribution des résultats

Percentile par nombre de réponses

% des personnes avec chaque résultat

Votre développement - résultats

Vous n’avez pas pris ce quiz